Eran una sola sombra larga : (Registro nro. 13547)

Detalles MARC
000 -LIDER
fixed length control field 01274nam a2200313 u 4500
001 - NÚMERO DE CONTROL
Identificador de número de control 000020786
003 - IDENTIFICACDOR DE NÚMERO DE CONTROL
control field DO-SdBNP
005 - DATE AND TIME OF LATEST TRANSACTION
control field 20210531134846.0
008 - ELEMENTOS DE LONGITUD FIJA
fixed length control field 100802s2015 dr r 000 0 spa d
020 ## - ISBN
International Standard Book Number 9789945895865
040 ## - FUENTE DE CATALOGACIÓN
Agencia que crea de manera original el registro BPMSU
Idioma de catalogación spa
Agencia que realiza la transcripción BPMSU
082 ## - NÚMERO DE CLASIFICACIÓN DECIMAL DE DEWEY
Classification number 364.152097293
Item number C697e
Edition number 22
100 1# - ASIENTO PRINCIPAL -- NOMBRE PERSONAL
Nombre personal Collado, Lipe,
Fechas asociadas con el nombre 1947-
245 10 - MENCIÓN DE TITULO
Título Eran una sola sombra larga :
Subtítulo investigación, interpretación y conclusión sobre las muertes de Jean Awad y Pilar Báez en la tiranía de Trujillo /
Mención de responsabilidad Lipe Collado
260 ## - PUBLICACIÓN, DISTRIBUCIÓN, ETC. (PIE DE IMPRENTA)
Lugar de publicación, distribución, etc Santo Domingo :
Nombre del editor, distribuidor, etc. Museo Memorial de la Resistencia Dominicana,
Fecha de publicación, distribución, etc 2015.
300 ## - DESCRIPCIÓN FÍSICA
Extensión 309 p. ;
Dimensiones 23 cm.
500 ## - NOTA GENERAL
Nota general Incluye índice onomástico
500 ## - NOTA GENERAL
Nota general Incluye referencias bibliográficas y notas al pie de las páginas
504 ## - NOTA DE BIBLIOGRAFÍA, ETC.
Bibliography, etc Bibliografías : p. 293-300
590 ## - NOTA LOCAL
Enlace Inventariado, 2021/VM
600 #4 - ENCABEZAMIENTO DE MATERIA--NOMBRE PERSONAL
Nombre personal Báez Perelló, Pilar
Subdivisión de forma Asesinato.
600 #4 - ENCABEZAMIENTO DE MATERIA--NOMBRE PERSONAL
Nombre personal Awad Canaán, Jean
Subdivisión de forma Asesinato.
650 #4 - ENCABEZAMIENTO DE MATERIA--TEMÁTICO
Término temático o nombre geográfico como elemento de entrada Asesinato
Subdivisión geográfica República Dominicana
Subdivisión temática general Historia
Subdivisión cronológica Siglo XX.
650 #4 - ENCABEZAMIENTO DE MATERIA--TEMÁTICO
Término temático o nombre geográfico como elemento de entrada Asesinatos
Subdivisión temática general Investigación
Subdivisión geográfica República Dominicana.
651 #4 - ENCABEZAMIENTO DE MATERIA--NOMBRE GEOGRÁFICO
Nombre geográfico República Dominicana
Subdivisión temática general Historia
Subdivisión cronológica Era de Trujillo, 1930-1961
Fuente del encabezamiento o término
651 #4 - ENCABEZAMIENTO DE MATERIA--NOMBRE GEOGRÁFICO
Nombre geográfico República Dominicana
Subdivisión temática general Política y gobierno
Subdivisión cronológica 1930-1961.
910 ## - VALIDACIÓN
Validación VMateo
942 ## - ADDED ENTRY ELEMENTS (KOHA)
Source of classification or shelving scheme Dewey Decimal Classification
Koha item type Libros
Existencias
Withdrawn status Lost status Source of classification or shelving scheme Damaged status Not for loan Collection code Home library Current library Date acquired Source of acquisition Full call number Barcode Date last seen Price effective from Koha item type Total Checkouts Copy number
    Dewey Decimal Classification     Colección Dominicana Biblioteca Pública Metropolitana Salomé Ureña Biblioteca Pública Metropolitana Salomé Ureña 05/31/2021 Editora Búho BPMSU CD 364.152097293 C697e 2015 BPMSU21050186 05/31/2021 05/31/2021 Libros    
    Dewey Decimal Classification     Colección Dominicana Biblioteca Pública Metropolitana Salomé Ureña Biblioteca Pública Metropolitana Salomé Ureña 05/31/2021 Editora Búho BPMSU CD 364.152097293 C697e 2015 BPMSU26010040 01/23/2026 05/31/2021 Libros   e.2
    Dewey Decimal Classification     Colección Dominicana Biblioteca Pública Metropolitana Salomé Ureña Biblioteca Pública Metropolitana Salomé Ureña 05/31/2021 Editora Búho BPMSU CD 364.152097293 C697e 2015 BPMSU26010042 01/23/2026 05/31/2021 Libros   e.3